| 000 | 00526nam a22001817a 4500 | ||
|---|---|---|---|
| 003 | OSt | ||
| 005 | 20210215120946.0 | ||
| 007 | ta | ||
| 008 | 210215e1994 dr ||||fr|||| 001 0 spa d | ||
| 040 |
_aDO-SdBNP _bspa _cBNPHU |
||
| 041 | _hspa | ||
| 082 |
_aBNPHU-xxxx _bR377i |
||
| 245 | 0 | _aReglamento interno estatutario y leyes 6160, 6201 y 6200. | |
| 260 |
_aSanto Domingo : _bCODIA , _c1994 |
||
| 300 |
_a99 pg. _c20 cm |
||
| 710 |
_aColegio Dominicano de Ingenieros Arquitectos y Agrimensores (CODIA) _977754 |
||
| 942 |
_2ddc _cLF2 |
||
| 999 |
_c49366 _d49366 |
||